000 00996cab a2200301 4500
001 WB3111-38
008 090401t1995 xxu||||| |||| 00| 0 eng d
035 _a(Sirsi) u29301
041 _aeng
245 _aEuropeans behind in Asian investment
260 _c1995
350 _a0
490 _aFinancial Times
_v16 March 1995, 8(1)
520 _aEuropean companies have fallen behind in investment opportunities in Asia and now face growing competition from companies based in the region according to a study by the UN Conference on Trade and Development. Graph.
650 _aASIA PACIFIC
650 _aASIA
650 _aCHINA
650 _aEUROPE
650 _aEUROPEAN UNION
650 _aFOREIGN DIRECT INVESTMENT
650 _aFOREIGN INVESTMENT
650 _aINWARD INVESTMENT
650 _aUN CONFERENCE ON TRADE AND DEVELOPMENT
690 _aPROPERTY-PROPERTY FINANCE AND INVESTMENT
690 _aOVERSEAS-REST OF THE WORLD
942 _n0
948 _c04/03/1997
999 _c19735
_d19735